书目信息 |
| 题名: |
软件安全开发指南
|
|
| 作者: | ;美国OWASP基金会 著 ;OWASP中国 , SecZone 译 | |
| 分册: | ||
| 出版信息: | 北京 电子工业出版社 2018.04 |
|
| 页数: | 129页 | |
| 开本: | 24cm | |
| 丛书名: | 新型网络安全人才培养丛书 | |
| 单 册: | ||
| 中图分类: | TP311.522 | |
| 科图分类: | ||
| 主题词: | 软件开发--安全技术 | |
| 电子资源: | ||
| ISBN: | 978-7-121-33849-6 | |
| 000 | 01110oam2 2200277 450 | |
| 001 | 4574 | |
| 005 | 20181012132702.30 | |
| 010 | @a978-7-121-33849-6@dCNY36.00 | |
| 100 | @a20180513d2018 em y0chiy50 ea | |
| 101 | 1 | @achi@ceng |
| 102 | @aCN@b110000 | |
| 105 | @aa z 000yy | |
| 200 | 1 | @a软件安全开发指南@9ruan jian an quan kai fa zhi nan@e应用软件安全级别验证参考标准@f美国OWASP基金会著@gOWASP中国,SecZone译 |
| 210 | @a北京@c电子工业出版社@d2018.04 | |
| 215 | @a129页@c图@d24cm | |
| 225 | 2 | @a新型网络安全人才培养丛书 |
| 330 | @a本书分为两大部分,共3篇19章。第一部分介绍了应用安全验证要求的使用方法和参考案例。第二部分详细介绍了19项安全控制措施的验证要求,并针对每种安全验证介绍了不同级别的控制目标和详细要求。 | |
| 461 | 0 | @12001 @a新型网络安全人才培养丛书 |
| 510 | 1 | @aOWASP application security verification standard 3.0.1@zeng |
| 606 | 0 | @a软件开发@x安全技术 |
| 690 | @aTP311.522@v5 | |
| 711 | 02 | @a美国OWASP基金会@9mei guo OWASP ji jin hui@4著 |
| 712 | 02 | @aOWASP中国@9OWASP zhong guo@4译 |
| 712 | 02 | @aSecZone@4译 |
| 801 | 0 | @aCN@b91MARC@c20180513 |
| 905 | @aMuseLib@dTP311.522@e1302 | |
| 软件安全开发指南:应用软件安全级别验证参考标准/美国OWASP基金会著/OWASP中国,SecZone译.-北京:电子工业出版社,2018.04 |
| 129页:图;24cm.-(新型网络安全人才培养丛书) |
| ISBN 978-7-121-33849-6:CNY36.00 |
| 本书分为两大部分,共3篇19章。第一部分介绍了应用安全验证要求的使用方法和参考案例。第二部分详细介绍了19项安全控制措施的验证要求,并针对每种安全验证介绍了不同级别的控制目标和详细要求。 |
| ● |
| 相关链接 |
|
|
|
|
正题名:软件安全开发指南
索取号:TP311.522/1302
 
预约/预借
| 序号 | 登录号 | 条形码 | 馆藏地/架位号 | 状态 | 备注 |
| 1 | 1125786 | 211257860 | 第二样本阅览室/ [索取号:TP311.522/1302] | 在馆 | |
| 2 | 1125787 | 211257879 | 第三借阅区/ [索取号:TP311.522/1302] | 在馆 | |
| 3 | 1125788 | 211257888 | 第三借阅区/ [索取号:TP311.522/1302] | 在馆 | |
| 4 | 1125789 | 211257897 | 第三借阅区/ [索取号:TP311.522/1302] | 在馆 | |
| 5 | 1125790 | 211257904 | 第三借阅区/ [索取号:TP311.522/1302] | 在馆 |